Pays membres de l'OTAN - Statistiques

Statistiques générales
  • Ce quiz a été pris 143 fois
  • Le résultat moyen est 24 sur 29
Statistiques - réponses
Réponse % Correct
France
100%
Canada
97%
Etats-Unis
97%
Allemagne
94%
Espagne
94%
Italie
94%
Belgique
93%
Portugal
93%
Royaume-Uni
92%
Norvège
89%
Pays-Bas
89%
Danemark
88%
Lituanie
85%
Pologne
85%
Estonie
84%
Croatie
82%
Lettonie
82%
Albanie
81%
Grèce
81%
Slovaquie
80%
Slovénie
80%
Hongrie
77%
République tchèque
77%
Roumanie
77%
Turquie
77%
Bulgarie
74%
Islande
71%
Luxembourg
71%
Monténégro
61%
Aucun quiz correspondant
Distribution des résultats
% des personnes avec chaque résultat
Percentile par nombre de réponses
Votre historique - résultats
Vous n’avez pas pris ce quiz